000 00598nam a2200181Ia 4500
008 220216s9999 xx 000 0 und d
100 _aKim K J
245 0 _aTESPT and treated silica compounds on TESPD rheological property and silica break down in natural rubber
260 _bKautschuk Gummi Kunststoffe
_c2002
300 _a518-528
650 _aNatural rubber
650 _aRheology
650 _aSilica agglomerate break down
650 _aTESPD (bis(triethoxysilylpropyl)disulfide)
650 _aTESPT (bis(triethoxysilylpropyl)tetrasulfide)
700 _aVanderkool J
942 _cJS
999 _c70398
_d70398